000 01481nam a2200397 a 4500
001 38625
003 BD-RjUL
005 20211209052830.0
008 031104s2004 maua b 001 0 eng
020 _a0632064676
020 _a1405132094
035 _a(DNLM)101196469
_a(BD-RjUL)38733
040 _aDNLM/DLC
_cDLC
_dDLC
_dBD-RjUL
_beng
041 _aeng
060 1 0 _aQV 250
_bH895 2004
082 0 0 _a615.101579
_222
_bHUG 2004
245 0 0 _aHugo and Russell's pharmaceutical microbiology /
_cedited by Stephen P. Denyer, Norman A. Hodges, Sean P. Gorman.
246 1 4 _aHugo & Russell's pharmaceutical microbiology
246 3 0 _aPharmaceutical microbiology
250 _a7th ed.
260 _aMalden, Mass. :
_bBlackwell Science,
_c2004 [reprint 2010]
300 _ax, 481 p. :
_bill. ;
_c24 cm.
500 _aRev. ed. of: Pharmaceutical microbiology / edited by W.B. Hugo and A.D. Russell.
504 _aIncludes bibliographical references and index.
650 0 _aPharmaceutical microbiology.
_9119246
650 1 2 _aAnti-Infective Agents.
_9119247
650 2 2 _aTechnology, Pharmaceutical.
_9119248
700 1 _aHugo, W. B.
_q(William Barry)
_9119249
700 1 _aDenyer, S. P.
_9119250
700 1 _aHodges, Norman A.
_9119251
700 1 _aGorman, S. P.
_9119252
730 0 _aPharmaceutical microbiology.
_9177115
856 4 1 _3Table of contents
_uhttp://www.loc.gov/catdir/toc/ecip0411/2003024264.html
942 _2ddc
_cBK
999 _c38625
_d38625